| 000 | 00947nam a22003017a 4500 | ||
|---|---|---|---|
| 001 | 5860 | ||
| 003 | FISKH | ||
| 005 | 20250127093124.0 | ||
| 008 | 250127b cb ||||| |||| 00| 0 eng d | ||
| 020 | _a9780816752775 | ||
| 040 |
_aFISKH _beng _cFISKH _dFISKH |
||
| 050 | _aPZ8.B383 | ||
| 082 | _a398.2 | ||
| 100 |
_aDugen, Karen _d(1991-) |
||
| 245 |
_aBeauty and the beast / _cIllustrated by Karen Milone |
||
| 250 | _aThis edition published in 2002 | ||
| 260 |
_aLondon : _bTroll, _c1981. |
||
| 300 |
_a28 pages : _bcolor illustrations ; _c24 cm |
||
| 505 | _aN | ||
| 520 | _aThrough her great capacity to love, a kind and beautiful maid releases a handsome prince from the spell which has made him an ugly beast. | ||
| 521 | 8 |
_a550
_bLexile |
|
| 521 | 8 |
_aN
_bRaz-Plus |
|
| 650 |
_2Folktales _aChildren's |
||
| 650 |
_2Picture book _aFairy tale |
||
| 700 |
_aMilone, Karen _dillustrator |
||
| 942 |
_2ddc _cBK _n0 |
||
| 999 |
_c5860 _d5860 |
||